000 01575nab a22002657a 4500
999 _c6505
_d6505
003 OSt
005 20260213123320.0
008 190429b xxu||||| |||| 00| 0 spa d
040 _cPJ
100 _97114
_aPino, Gabriela Belén
245 1 3 _aLa inteligencia artificial como herramienta de medición del riesgo. Una posible solución al abordaje de cuestiones de género /
_cGabriela Belén Pino.
260 _cCiudad Autónoma de Buenos Aires :
_aThomson Reuters La Ley,
_b2024.
300 _ap. 165-178
500 _aCita: TR LALEY AR/DOC/1088/2024.
505 _aSumario: I. La cruda realidad.— II. La esencia de la Acordada 3964 de la Suprema Corte de Justicia de la Provincia de Buenos Aires.— III. Protocolo de actuación en Argentina.— IV. La falta de información del Ministerio Público Fiscal.— V. La medición del riesgo.— VI. A modo de inspiración: el Protocolo de actuación en España.— VII. Posibles innovaciones para un abordaje de calidad.— VIII. Sistema español Vio- Gén.— IX. Conclusiones.— X. Bibliografía.
505 _tSi te interesa el texto completo, solicitalo a koha@justierradelfuego.gov.ar
650 0 _9343
_aDERECHO PENAL
650 0 _95817
_aINTELIGENCIA ARTIFICIAL
650 0 _93053
_aVIOLENCIA DE GÉNERO
650 0 _94044
_aPERSPECTIVA DE GÉNERO
650 0 _aVIOLENCIA PSICOLOGICA
650 0 _9273
_aDERECHO INFORMATICO
773 0 _02658
_93164
_tRevista de derecho penal y criminología. Nº 7 - Junio 2024
_dCiudad Autónoma de Buenos Aires : Thomson Reuters La Ley, 2017-
_x00347914
942 _2udc
_cANA